Ātmakathā. (Record no. 72716)

MARC details
000 -LEADER
fixed length control field 00531cam a22002171 4500
001 - CONTROL NUMBER
control field sa 67001557
003 - CONTROL NUMBER IDENTIFIER
control field DLC
005 - DATE AND TIME OF LATEST TRANSACTION
control field 20260227112324.0
008 - FIXED-LENGTH DATA ELEMENTS--GENERAL INFORMATION
fixed length control field 890712s1965 ii c 000 0 hino
010 ## - LIBRARY OF CONGRESS CONTROL NUMBER
LC control number sa 67001557
035 ## - SYSTEM CONTROL NUMBER
System control number (OCoLC)19998716
040 ## - CATALOGING SOURCE
Original cataloging agency DLC
Transcribing agency WaU
Modifying agency DLC
042 ## - AUTHENTICATION CODE
Authentication code premarc
050 00 - LIBRARY OF CONGRESS CALL NUMBER
Classification number DS481.P7
Item number A3 1965
100 1# - MAIN ENTRY--PERSONAL NAME
Personal name Prasad, Rajendra,
Dates associated with a name 1884-1963.
245 10 - TITLE STATEMENT
Title Ātmakathā.
260 ## - PUBLICATION, DISTRIBUTION, ETC.
Date of publication, distribution, etc. 1965.
300 ## - PHYSICAL DESCRIPTION
Extent 869 p.
Other physical details ports.
Dimensions 20 cm.
500 ## - GENERAL NOTE
General note In Hindi.
610 20 - SUBJECT ADDED ENTRY--CORPORATE NAME
Corporate name or jurisdiction name as entry element Indian National Congress.

No items available.

Powered by Koha